01511cam a22003617a 45000010008000000030004000080050017000120060019000290070015000480080041000630150019001040160018001230200022001410200018001630350026001810400050002070420014002570500025002710820016002962100029003122450106003412600032004474400061004795000159005405040041006995060043007406500041007836500032008247000027008567110094008837730045009778560127010227874168OSt20170112111237.0m d cr n 060308s2006 enka sb 100 0 eng d aGBA6321022bnb7 a0134266492Uk a184628404X (pbk.) a9781846284045 a(WaSeSS)ssj0000319859 aUKMcUKMdBAKERdOHXdBWKUKdMnUdDLCdWaSeSS alccopycat 4aTJ211.35b.R643 200604a629.89222210aRobot motion and control00aRobot Motion and Controlh[electronic resource] :bRecent Developments /cKrzysztof Kozłowski (ed.). aLondon :bSpringer,cc2006. 0aLecture notes in control and information sciences ;v335 aSelected conference papers presented at the Fourth International Workshop on Robot Motion and Control, held at Puszczykowo, Poland, from June 17-20, 2004. aIncludes bibliographical references. aLicense restrictions may limit access. 0aRobotsxControl systemsvCongresses. 0aRobotsxMotionvCongresses.1 aKozłowski, Krzysztof.2 aInternational Workshop on Robot Motion and Control.n(4th :dPuszczykowo, Poland :c2004) 0tSpringerLink ebooks - Engineering (2006)40uhttp://www.columbia.edu/cgi-bin/cul/resolve?clio7874168zFull text available from SpringerLink ebooks - Engineering (2006)